Sześć najbliższych stolic - Ateny - Statystyki

Ogólne statystyki
  • Ten quiz został rozwiązany 60 razy
  • Średni wynik to 4 z 6
Statystyki odpowiedzi
km stolica % Poprawnych
527 Sofia
81%
490 Skopje
77%
502 Tirana
73%
626 Podgorica
44%
565 Prisztina
42%
745 Bukareszt
35%
Nie znaleziono quizów pasujących do podanych kryteriów
Rozkład punktacji
Procent ludzi z każdym wynikiem
Percentyl według liczby udzielonych odpowiedzi
Twoja historia wyników
Nie rozwiązałeś tego quizu